Armenia History Quiz - Statistics

General Stats
  • This quiz has been taken 19 times
  • The average score is 2 of 10
Answer Stats
Question Answer % Correct
What was the first armenian kingdom? Urartu
100%
Who is the last Urartu king? Rusa
40%
Who built the Tushpa (Van) city? Sarduri
20%
The most famous armenian king? Tigranes
20%
How much is the area of Armenian highlands 400,000 km2
10%
The second armenian kingdom? Orontid
10%
Artaxias reign? 189 – 160 BC
0%
How much was Armenia's troop when the king was Sakavakiats? 48000
0%
Tigran II's wife, as well as Mithridates VI Eupator's daughter? Cleopatra
0%
Where is she from (Q9) Pontus
0%
No matching quizzes found
Score Distribution
Percent of People with Each Score
Percentile by Number Answered
Your Score History
You have not taken this quiz